The poems of Alfred Lord Tennyson, 1830-1863. (Record no. 166129)

MARC details
000 -LEADER
campo de control de longitud fija 00791nam a22002295i 4500
001 - NÚMERO DE CONTROL
campo de control 166129
003 - IDENTIFICADOR DE NÚMERO DE CONTROL
campo de control ES-MaACL
005 - FECHA Y HORA DE LA ÚLTIMA TRANSACCIÓN
campo de control 20260306063017.0
008 - DATOS DE LONGITUD FIJA--INFORMACIÓN GENERAL
campo de control de longitud fija 050908q18901905xxk | |||||||| ||eng d
040 ## - FUENTE DE CATALOGACIÓN
Centro catalogador/agencia de origen CAM
Lengua de catalogación spa
Centro/agencia transcriptor CAM
100 1# - ENTRADA PRINCIPAL--NOMBRE DE PERSONA
Nombre de persona Tennyson, Alfred Tennyson,
Títulos y otros términos asociados al nombre Baron,
Fechas asociadas al nombre 1809-1892
9 (RLIN) 162209
245 14 - MENCIÓN DEL TÍTULO
Título The poems of Alfred Lord Tennyson, 1830-1863.
260 ## - PUBLICACIÓN, DISTRIBUCIÓN, ETC.
Lugar de publicación, distribución, etc. London :
Nombre del editor, distribuidor, etc. George Routledge & Sons,
Fecha de publicación, distribución, etc. [s.a.] (
Fabricante Richard Clay and Sons)
300 ## - DESCRIPCIÓN FÍSICA
Extensión VIII, 549 P. ;
Dimensiones 16 CM.
596 ## - NOTA AL PIE DE IMPRENTA
NOTA AL PIE DE IMPRENTA Probablemente impreso en el último tercio del S. XIX.
650 #4 - PUNTO DE ACCESO ADICIONAL DE MATERIA--TÉRMINO DE MATERIA
9 (RLIN) 16190
Término de materia o nombre geográfico como elemento de entrada Poesía inglesa-
Subdivisión cronológica S.XIX
700 1# - ENTRADA AGREGADA--NOMBRE PERSONAL
Nombre de persona Routledge, George & Sons,
9 (RLIN) 132117
752 ## - ENTRADA AGREGADA--NOMBRE JERÁRQUICO DEL LUGAR
País o entidad superior Gran Bretaña -
Ciudad Londres
852 ## - LOCALIZACIÓN
Ubicación ES-MaACL
Número de control de estantería G-14933
Nota libre -- Enc. tela
942 ## - ELEMENTOS DE ENTRADA SECUNDARIOS (KOHA)
Fuente del sistema de clasificación o colocación Clasificación decimal universal
Holdings
Estatus retirado Estado de pérdida Estado de daño No para préstamo Biblioteca de origen Biblioteca actual Ubicación en estantería Fecha de adquisición Fuente de adquisición Total de préstamos Signatura topográfica completa Código de barras Visto por última vez Precio de reemplazo Tipo de ítem Koha
        Biblioteca del Ateneo de Madrid Biblioteca del Ateneo de Madrid Sala Pecera Planta 3 17/01/2008     G-14933 1174225 23/02/2023 23/02/2023 Libro impreso